[Event "Titled Tuesday intern op 11th Jan"]
[Site "Chess.com INT"]
[Date "2022.01.11"]
[Round "6"]
[White "Thorhallsson, Simon"]
[Black "Pasquier, Thomas"]
[Result "1-0"]
[WhiteElo "2245"]
[BlackElo "2222"]
[PlyCount "93"]
[EventDate "2022.01.11"]
[EventType "swiss (blitz)"]
[EventRounds "11"]
[EventCountry "USA"]
[SourceTitle "CBM 206 Extra"]
[Source "ChessBase"]
[SourceDate "2022.03.31"]
[SourceVersion "1"]
[SourceVersionDate "2022.03.31"]
[SourceQuality "1"]

1. d4 Nf6 2. c4 e6 3. g3 c5 4. d5 exd5 5. cxd5 Bd6 6. Nc3 0-0 7. Nf3 Bc7 8. d6 Ba5 9. Bg2 Re8 10. 0-0 Bxc3 11. bxc3 Nc6 12. c4 b6 13. Bb2 Bb7 14. Qd2 h6 15. Rad1 Rb8 16. Bc3 Ba6 17. Nh4 Bxc4 18. Rfe1 Ne4 19. Bxe4 Rxe4 20. Nf5 Nd4 21. Bxd4 cxd4 22. Qc2 Bd5 23. Ne7+ Rxe7 24. dxe7 Qxe7 25. Rxd4 Bc6 26. e4 Re8 27. Re3 Qf6 28. Qd3 Qe6 29. a3 Qa2 30. Kg2 f5 31. Qc4+ Qxc4 32. Rxc4 fxe4 33. Rd4 Kf7 34. g4 Re5 35. Kg3 Ke6 36. Rd1 Rc5 37. f3 Re5 38. Rde1 g5 39. fxe4 Ra5 40. Kf3 Ke5 41. R1e2 Ra4 42. h3 Rd4 43. Re1 b5 44. R1e2 a5 45. Re1 b4 46. axb4 axb4 47. Rb3 1-0

[Event "Titled Tuesday intern op 09th Nov"]
[Site "Chess.com INT"]
[Date "2021.11.09"]
[Round "6"]
[White "Pasquier, Thomas"]
[Black "Martin, Lewis"]
[Result "1-0"]
[WhiteElo "2220"]
[BlackElo "2205"]
[PlyCount "80"]
[EventDate "2021.11.09"]
[EventType "swiss (blitz)"]
[EventRounds "11"]
[EventCountry "USA"]
[SourceTitle "CBM 205 Extra"]
[Source "ChessBase"]
[SourceDate "2022.01.31"]
[SourceVersion "1"]
[SourceVersionDate "2022.01.31"]
[SourceQuality "1"]

1. c4 c6 2. Nf3 d5 3. e3 Nf6 4. b3 Bg4 5. Be2 Nbd7 6. 0-0 e6 7. Ba3 Bxa3 8. Nxa3 0-0 9. Qc1 e5 10. cxd5 cxd5 11. Qb2 Re8 12. d3 e4 13. Nd4 Bxe2 14. Qxe2 Ne5 15. dxe4 dxe4 16. Nc4 Nd3 17. Nb2 Ne5 18. Nc4 Neg4 19. h3 Nh6 20. Rfd1 Qe7 21. Nb5 Red8 22. g4 Nd5 23. Rac1 f5 24. Ncd6 Rxd6 25. Nxd6 Qxd6 26. Qc4 Rd8 27. Rxd5 Qxd5 28. Rd1 Qxc4 29. Rxd8+ Kf7 30. bxc4 fxg4 31. Rd7+ Ke6 32. Rxg7 gxh3 33. Rxh7 Nf7 34. Rxh3 Ne5 35. Rh7 b6 36. Rxa7 Nxc4 37. Kg2 Kd5 38. Kg3 Ne5 39. Rb7 Nc4 40. Kf4 Kc6 1-0

[Event "Titled Tuesday intern op 17th Aug"]
[Site "Chess.com INT"]
[Date "2021.08.17"]
[Round "7"]
[White "Martins, Vinicius Tine"]
[Black "Pasquier, Thomas"]
[Result "1-0"]
[WhiteElo "2299"]
[BlackElo "2236"]
[PlyCount "47"]
[EventDate "2021.08.17"]
[EventType "swiss (blitz)"]
[EventRounds "11"]
[EventCountry "USA"]
[SourceTitle "EXT 2022"]
[Source "ChessBase"]
[SourceDate "2021.10.06"]
[SourceVersion "1"]
[SourceVersionDate "2021.10.06"]
[SourceQuality "1"]

1. d4 Nf6 2. c4 e6 3. Nc3 Bb4 4. e3 c5 5. Nge2 cxd4 6. exd4 d5 7. a3 Bxc3+ 8. Nxc3 dxc4 9. Bxc4 0-0 10. 0-0 Bd7 11. Be3 Bc6 12. Qd2 Nbd7 13. Rad1 Rc8 14. Ba2 h6 15. f4 Re8 16. f5 Nb6 17. fxe6 fxe6 18. Bxh6 Nbd5 19. Bg5 Qb6 20. Bxf6 Nxf6 21. Qg5 Rcd8 22. Rxf6 Rxd4 23. Rxd4 Qxd4+ 24. Rf2 1-0

[Event "Titled Tuesday intern op 17th Aug"]
[Site "Chess.com INT"]
[Date "2021.08.17"]
[Round "5"]
[White "Pasquier, Thomas"]
[Black "Boskovic, Drasko"]
[Result "1-0"]
[WhiteElo "2236"]
[BlackElo "2457"]
[PlyCount "89"]
[EventDate "2021.08.17"]
[EventType "swiss (blitz)"]
[EventRounds "11"]
[EventCountry "USA"]
[SourceTitle "EXT 2022"]
[Source "ChessBase"]
[SourceDate "2021.10.06"]
[SourceVersion "1"]
[SourceVersionDate "2021.10.06"]
[SourceQuality "1"]

1. c4 c5 2. g3 g6 3. Bg2 Bg7 4. Nc3 Nc6 5. a3 Nh6 6. e3 Nf5 7. Nge2 0-0 8. Rb1 d6 9. b4 Qd7 10. 0-0 Rb8 11. d3 b6 12. b5 Ne5 13. Bb2 Bb7 14. e4 h5 15. exf5 Nf3+ 16. Kh1 Qxf5 17. Ne4 Bxb2 18. Rxb2 h4 19. Nf4 Nd4 20. Bh3 Qe5 21. Bg2 g5 22. Nh5 f5 23. Nxg5 Bxg2+ 24. Kxg2 Nf3 25. Qxf3 Qxb2 26. Ne6 Rf7 27. Ng5 Rff8 28. Qd5+ Kh8 29. Qe6 h3+ 30. Kg1 Rf6 31. Nxf6 Qxf6 32. Qxf6+ exf6 33. Nxh3 Re8 34. Nf4 Kg7 35. f3 Re3 36. Kf2 Re7 37. Re1 Rd7 38. Nd5 Kg6 39. Re7 Rd8 40. Rxa7 f4 41. Nxf4+ Kf5 42. Nd5 Ke5 43. Ke3 f5 44. f4+ Ke6 45. Re7# 1-0

[Event "Titled Tuesday intern op 17th Aug"]
[Site "Chess.com INT"]
[Date "2021.08.17"]
[Round "6"]
[White "Pasquier, Thomas"]
[Black "Maksimovic, Bojan"]
[Result "0-1"]
[WhiteElo "2236"]
[BlackElo "2425"]
[PlyCount "110"]
[EventDate "2021.08.17"]
[EventType "swiss (blitz)"]
[EventRounds "11"]
[EventCountry "USA"]
[SourceTitle "EXT 2022"]
[Source "ChessBase"]
[SourceDate "2021.10.06"]
[SourceVersion "1"]
[SourceVersionDate "2021.10.06"]
[SourceQuality "1"]

1. c4 g6 2. g3 Bg7 3. Bg2 d6 4. Nc3 e5 5. e3 f5 6. Nge2 Nf6 7. Rb1 0-0 8. b4 Nc6 9. d4 e4 10. b5 Ne7 11. a4 c5 12. bxc6 bxc6 13. Ba3 Ba6 14. Qb3 Kh8 15. 0-0 Qd7 16. Na2 d5 17. cxd5 Bxe2 18. dxc6 Qc7 19. Rfc1 Bd3 20. Qb7 Rfc8 21. Bxe7 Bxb1 22. Rxb1 Qxc6 23. Qxc6 Rxc6 24. Bf1 Rc7 25. Bd6 Rd7 26. Bc5 a6 27. Rb6 Nd5 28. Rxa6 Rb8 29. Bb5 Rdb7 30. Kg2 Nc7 31. Ra5 Nxb5 32. axb5 Rxb5 33. Rxb5 Rxb5 34. Nb4 Kg8 35. Nd5 Kf7 36. h4 Rb7 37. Nf4 Bh6 38. Nd5 Ke6 39. Nc3 Rb3 40. Ne2 Kd5 41. Be7 Kc4 42. Bg5 Bf8 43. Bf4 Rb2 44. Ng1 Bb4 45. Nh3 Kd3 46. d5 Ke2 47. Bc7 Rd2 48. Be5 Ke1 49. d6 Rd1 50. Kg1 Bxd6 51. Bxd6 Rxd6 52. Kg2 Rd2 53. Kg1 h6 54. Kg2 g5 55. hxg5 hxg5 0-1

[Event "Titled Tuesday intern op 17th Aug"]
[Site "Chess.com INT"]
[Date "2021.08.17"]
[Round "4"]
[White "Pires, Marcos Vinicius Tor"]
[Black "Pasquier, Thomas"]
[Result "0-1"]
[WhiteElo "2302"]
[BlackElo "2236"]
[PlyCount "118"]
[EventDate "2021.08.17"]
[EventType "swiss (blitz)"]
[EventRounds "11"]
[EventCountry "USA"]
[SourceTitle "EXT 2022"]
[Source "ChessBase"]
[SourceDate "2021.10.06"]
[SourceVersion "1"]
[SourceVersionDate "2021.10.06"]
[SourceQuality "1"]

1. d4 Nf6 2. Bf4 e6 3. e3 c5 4. c3 b6 5. Nd2 Be7 6. Ngf3 0-0 7. h3 Re8 8. Bd3 Ba6 9. Bxa6 Nxa6 10. 0-0 Qc8 11. Qe2 Qb7 12. Rfe1 cxd4 13. cxd4 Rac8 14. Rec1 Rxc1+ 15. Rxc1 Rc8 16. Qe1 Nb4 17. Rxc8+ Qxc8 18. Qb1 Qa6 19. a3 Nbd5 20. Bg3 Qe2 21. Qf1 Qxf1+ 22. Kxf1 d6 23. Nc4 Ne4 24. Bh2 Kf8 25. Ke2 Ke8 26. Nfd2 Nxd2 27. Kxd2 Kd7 28. e4 Nf6 29. f3 d5 30. Ne5+ Ke8 31. Kd3 a6 32. Bf4 h6 33. Bd2 Nd7 34. Nc6 f5 35. exd5 exd5 36. Bb4 Bf6 37. Bd6 a5 38. Bc7 Kf7 39. Na7 Ke8 40. Nc8 Bd8 41. Nd6+ Ke7 42. Nxf5+ Kf6 43. Bxd8+ Kxf5 44. g4+ Kf4 45. Bc7+ Kxf3 46. Be5 g6 47. Bg7 h5 48. gxh5 gxh5 49. b3 Kg3 50. Ke3 Kxh3 51. Kf4 h4 52. Kf5 b5 53. Ke6 Nb6 54. Kd6 a4 55. bxa4 bxa4 56. Kc5 Nc4 57. Kb4 Kg2 58. Kxa4 h3 59. Bh6 h2 0-1

[Event "FRA-chT2 1011"]
[Site "France"]
[Date "2010.11.14"]
[Round "3.2"]
[White "Aout, Sebastien"]
[Black "Pasquier, Thomas"]
[Result "0-1"]
[WhiteElo "2256"]
[BlackElo "2299"]
[PlyCount "48"]
[EventDate "2010.10.17"]
[EventType "team-tourn"]
[EventRounds "11"]
[EventCountry "FRA"]
[SourceTitle "EXT 2012"]
[Source "ChessBase"]
[SourceDate "2011.11.24"]
[SourceVersion "1"]
[SourceVersionDate "2011.11.24"]
[SourceQuality "1"]

1. c4 f6 2. g3 Nh6 3. Bg2 Nf7 4. Qc2 e5 5. e3 Nc6 6. a3 d6 7. Nc3 g6 8. Nge2 Bg7 9. d3 0-0 10. Bd2 Ne7 11. 0-0 c6 12. b4 Bf5 13. Rfd1 Qd7 14. Na4 Bh3 15. Bh1 Ng5 16. f4 Nf7 17. Re1 Nh6 18. Nac3 Ng4 19. Ne4 Nf5 20. N2c3 h5 21. Qd1 Nfxe3 22. Bxe3 exf4 23. gxf4 f5 24. Nf2 Bxc3 0-1

[Event "FRA-chT1A 0809"]
[Site "France"]
[Date "2009.04.05"]
[Round "11.3"]
[White "Schlosser, Philipp"]
[Black "Pasquier, Thomas"]
[Result "1/2-1/2"]
[WhiteElo "2570"]
[BlackElo "2272"]
[PlyCount "70"]
[EventDate "2008.10.19"]
[EventType "tourn"]
[EventRounds "11"]
[EventCountry "FRA"]
[SourceTitle "EXT 2010"]
[Source "ChessBase"]
[SourceDate "2010.11.25"]
[SourceVersion "1"]
[SourceVersionDate "2010.11.25"]
[SourceQuality "1"]
[WhiteTeam "Bischwiller"]
[BlackTeam "Toulouse"]
[WhiteTeamCountry "FRA"]
[BlackTeamCountry "FRA"]

1. Nf3 c5 2. c4 Nf6 3. g3 b6 4. Bg2 Bb7 5. Nc3 e6 6. 0-0 d6 7. Re1 Nbd7 8. e4 a6 9. d4 cxd4 10. Nxd4 Qc7 11. Be3 Be7 12. f4 0-0 13. Rc1 Rac8 14. f5 e5 15. Nd5 Qd8 16. Nb3 Nxd5 17. cxd5 Bg5 18. Qd2 Bxe3+ 19. Qxe3 Rxc1 20. Rxc1 Qb8 21. f6 Rc8 22. fxg7 Rxc1+ 23. Nxc1 Qc7 24. Nd3 Qc4 25. Nf2 Qd4 26. Qh6 Nc5 27. Qxd6 Kxg7 28. Qxb6 a5 29. Bf3 Ba6 30. Kg2 Qc4 31. Be2 Qxe2 32. Qxc5 Qf1+ 33. Kf3 Qe2+ 34. Kg2 Qf1+ 35. Kf3 Qe2+ 1/2-1/2

[Event "FRA-chT1A 0809"]
[Site "France"]
[Date "2008.12.14"]
[Round "5.3"]
[White "Pasquier, Thomas"]
[Black "Sermier, Guillaume"]
[Result "1/2-1/2"]
[WhiteElo "2272"]
[BlackElo "2382"]
[PlyCount "130"]
[EventDate "2008.10.19"]
[EventType "tourn"]
[EventRounds "11"]
[EventCountry "FRA"]
[SourceTitle "EXT 2010"]
[Source "ChessBase"]
[SourceDate "2010.11.25"]
[SourceVersion "1"]
[SourceVersionDate "2010.11.25"]
[SourceQuality "1"]
[WhiteTeam "Toulouse"]
[BlackTeam "Besancon TPG"]
[WhiteTeamCountry "FRA"]
[BlackTeamCountry "FRA"]

1. d4 d5 2. Nf3 Bf5 3. Nbd2 e6 4. c4 c6 5. e3 Nd7 6. Be2 Be7 7. a3 h6 8. 0-0 Ngf6 9. b4 0-0 10. Bb2 Ne4 11. Nb3 Bg4 12. Rc1 Bd6 13. Ne5 Bxe2 14. Qxe2 Bc7 15. b5 Nd6 16. Nxd7 Qxd7 17. bxc6 bxc6 18. Nd2 Rfb8 19. Bc3 Ne8 20. g3 Bd6 21. c5 Be7 22. Rb1 Nf6 23. Qd3 Bd8 24. Rxb8 Rxb8 25. Rb1 Rxb1+ 26. Qxb1 Qc8 27. Qb4 Bc7 28. Qa4 Qb7 29. f3 Nd7 30. Kf2 f5 31. Nb3 Kf7 32. Nd2 Ke7 33. Nb3 Nf6 34. Nd2 g5 35. Bb4 g4 36. f4 h5 37. Kg2 Kd7 38. Kf2 a5 39. Bc3 Qa6 40. Qc2 a4 41. Qb1 Kc8 42. Qf1 Qxf1+ 43. Kxf1 Kb7 44. Ke2 Ka6 45. Kd3 Kb5 46. Nb1 Ne4 47. Be1 Ka6 48. Nc3 Ba5 49. Nxe4 fxe4+ 50. Ke2 Bd8 51. Kd1 Kb5 52. Kc1 Kc4 53. Kc2 Bf6 54. Bf2 Bg7 55. Bg1 Bh8 56. Bf2 Bf6 57. Be1 Bd8 58. Bb4 h4 59. Be1 h3 60. Bb4 Bf6 61. Bc3 Bg7 62. Bb2 Bf8 63. Bc3 Be7 64. Bb4 Bd8 65. Be1 Bf6 1/2-1/2

[Event "FRA-chT1A 0809"]
[Site "France"]
[Date "2008.11.08"]
[Round "2.1"]
[White "Suarez Real, Alberto"]
[Black "Pasquier, Thomas"]
[Result "0-1"]
[WhiteElo "2417"]
[BlackElo "2272"]
[PlyCount "78"]
[EventDate "2008.10.19"]
[EventType "tourn"]
[EventRounds "11"]
[EventCountry "FRA"]
[SourceTitle "EXT 2010"]
[Source "ChessBase"]
[SourceDate "2010.11.25"]
[SourceVersion "1"]
[SourceVersionDate "2010.11.25"]
[SourceQuality "1"]
[WhiteTeam "Nice"]
[BlackTeam "Toulouse"]
[WhiteTeamCountry "FRA"]
[BlackTeamCountry "FRA"]

1. e4 c5 2. Nf3 e6 3. d4 cxd4 4. Nxd4 a6 5. Nc3 Qc7 6. Bd3 Bd6 7. Qe2 Nc6 8. Be3 Nf6 9. 0-0-0 Bf4 10. Nf3 Bxe3+ 11. Qxe3 d6 12. Qg5 0-0 13. Qh4 Ne5 14. Nxe5 dxe5 15. g4 Nd7 16. Rhg1 Re8 17. f4 exf4 18. e5 Nf8 19. Qg5 Ng6 20. Bxg6 fxg6 21. Qxf4 Bd7 22. Rd6 Bc6 23. h4 Qe7 24. h5 Rf8 25. Qc4 Qg5+ 26. Kb1 gxh5 27. Rxe6 Kh8 28. b3 Rf4 29. Qe2 Rxg4 30. Rd1 Rg1 31. Rxg1 Qxg1+ 32. Kb2 Qg4 33. Qxg4 hxg4 34. Ne2 Kg8 35. Rd6 Kf7 36. Rd4 h5 37. Ng3 Rh8 38. Nf5 g6 39. Nh4 g5 0-1

[Event "FRA-chT1B 0708"]
[Site "France"]
[Date "2008.02.09"]
[Round "6.7"]
[White "Tachikart, Yassin"]
[Black "Pasquier, Thomas"]
[Result "0-1"]
[WhiteElo "2098"]
[BlackElo "2233"]
[PlyCount "74"]
[EventDate "2007.10.21"]
[EventType "team-tourn"]
[EventRounds "11"]
[EventCountry "FRA"]
[SourceTitle "EXT 2009"]
[Source "ChessBase"]
[SourceDate "2008.11.26"]
[SourceVersion "1"]
[SourceVersionDate "2008.11.26"]
[SourceQuality "1"]
[WhiteTeam "Belfort"]
[BlackTeam "Toulouse"]
[WhiteTeamCountry "FRA"]
[BlackTeamCountry "FRA"]

1. d4 Nf6 2. c4 e6 3. Nc3 c5 4. d5 exd5 5. cxd5 Bd6 6. e4 0-0 7. Bd3 Bc7 8. Nf3 d6 9. h3 Re8 10. 0-0 Nbd7 11. Bg5 a6 12. a4 Nf8 13. Nd2 Ng6 14. Nc4 h6 15. Be3 Bd7 16. a5 Bb5 17. Nxb5 axb5 18. Nb6 Bxb6 19. axb6 Rxa1 20. Qxa1 Qxb6 21. b4 Ne5 22. Bc2 Nc4 23. Bxh6 cxb4 24. Re1 Qa5 25. Qxa5 Nxa5 26. Bd2 b3 27. Bd3 Nc4 28. Bc3 Nd7 29. Bd4 Nc5 30. Bxc5 dxc5 31. f4 Nd6 32. e5 c4 33. Be2 Nf5 34. Rb1 c3 35. Bd3 c2 36. Rf1 Rc8 37. Kf2 b2 0-1

[Event "FRA-chT1B 0708"]
[Site "France"]
[Date "2007.12.15"]
[Round "4.2"]
[White "Pasquier, Thomas"]
[Black "Benitah, Yohan"]
[Result "1/2-1/2"]
[WhiteElo "2233"]
[BlackElo "2421"]
[PlyCount "67"]
[EventDate "2007.10.21"]
[EventType "team-tourn"]
[EventRounds "11"]
[EventCountry "FRA"]
[SourceTitle "EXT 2009"]
[Source "ChessBase"]
[SourceDate "2008.11.26"]
[SourceVersion "1"]
[SourceVersionDate "2008.11.26"]
[SourceQuality "1"]
[WhiteTeam "Toulouse"]
[BlackTeam "Lyon Olympique"]
[WhiteTeamCountry "FRA"]
[BlackTeamCountry "FRA"]

1. e4 c5 2. Nf3 d6 3. d4 cxd4 4. Nxd4 Nf6 5. Nc3 a6 6. Bc4 e6 7. a4 Nc6 8. 0-0 Qc7 9. Ba2 Be7 10. Kh1 0-0 11. f4 Nb4 12. Bb3 b6 13. f5 e5 14. Nde2 Bb7 15. Bg5 h6 16. Bxf6 Bxf6 17. Ng3 Kh7 18. Nh5 Bg5 19. Qe2 Rad8 20. Rad1 Qc5 21. Rf3 Nc6 22. Rh3 g6 23. Nf6+ Kg7 24. Nfd5 Nd4 25. Qg4 f6 26. Ne7 h5 27. Rxh5 gxh5 28. Qxh5 Nxb3 29. Qg6+ Kh8 30. Qh5+ Kg7 31. Qg6+ Kh8 32. Rd3 Be3 33. Qh5+ Kg7 34. Qg6+ 1/2-1/2

[Event "FRA-chT1B 0708"]
[Site "France"]
[Date "2007.11.25"]
[Round "3.2"]
[White "Pasquier, Thomas"]
[Black "Dobrev, Nanko"]
[Result "0-1"]
[WhiteElo "2233"]
[BlackElo "2448"]
[PlyCount "132"]
[EventDate "2007.10.21"]
[EventType "team-tourn"]
[EventRounds "11"]
[EventCountry "FRA"]
[SourceTitle "EXT 2009"]
[Source "ChessBase"]
[SourceDate "2008.11.26"]
[SourceVersion "1"]
[SourceVersionDate "2008.11.26"]
[SourceQuality "1"]
[WhiteTeam "Toulouse"]
[BlackTeam "Grasse"]
[WhiteTeamCountry "FRA"]
[BlackTeamCountry "FRA"]

1. e4 e5 2. Nf3 Nc6 3. Bb5 a6 4. Ba4 Nf6 5. Bxc6 dxc6 6. d3 Bc5 7. Nbd2 0-0 8. 0-0 Re8 9. Nc4 Nd7 10. Bd2 b5 11. Na5 Qf6 12. a4 Nf8 13. b4 Bb6 14. Be3 Bxa5 15. bxa5 Bg4 16. h3 Bxf3 17. Qxf3 Qxf3 18. gxf3 Ne6 19. Rfb1 g6 20. Rb3 f5 21. Rc3 f4 22. Bc1 c5 23. Bb2 c6 24. Rb3 Nd8 25. Bc3 b4 26. Bd2 Ne6 27. Kg2 Red8 28. Bc1 Rab8 29. Bb2 Nd4 30. Bxd4 cxd4 31. Rab1 c5 32. Kf1 Kf7 33. Ke2 g5 34. Rh1 Rd6 35. Rbb1 Rg6 36. Kd2 h5 37. Ke2 Kg7 38. Kd2 Kh6 39. Ke2 Rc6 40. Rb2 c4 41. Rhb1 cxd3+ 42. cxd3 g4 43. fxg4 hxg4 44. hxg4 Kg5 45. Rxb4 Rxb4 46. Rxb4 Kxg4 47. Rb6 Rc2+ 48. Ke1 Ra2 49. Re6 Kf3 50. Rxe5 Rxf2 51. Rf5 Ke3 52. e5 Re2+ 53. Kd1 Kxd3 54. Rxf4 Rxe5 55. Rf3+ Kc4 56. Kc2 Rxa5 57. Rf8 Rxa4 58. Rc8+ Kb5 59. Kd3 Rb4 60. Rb8+ Ka4 61. Rd8 a5 62. Rd5 Rb5 63. Rxd4+ Kb3 64. Kd2 Kb2 65. Kd1 Rb4 66. Rd5 a4 0-1

[Event "FRA-chT2 South 0607"]
[Site "France"]
[Date "2007.02.11"]
[Round "7.6"]
[White "Pasquier, Thomas"]
[Black "Casassus, Bastien"]
[Result "1-0"]
[WhiteElo "2213"]
[BlackElo "2021"]
[PlyCount "67"]
[EventDate "2006.10.15"]
[EventType "team-tourn"]
[EventRounds "11"]
[EventCountry "FRA"]
[SourceTitle "EXT 2008"]
[Source "ChessBase"]
[SourceDate "2007.11.25"]
[SourceVersion "1"]
[SourceVersionDate "2007.11.25"]
[SourceQuality "1"]
[WhiteTeam "Toulouse"]
[BlackTeam "Pau Henri IV"]
[WhiteTeamCountry "FRA"]
[BlackTeamCountry "FRA"]

1. e4 e6 2. d4 d5 3. e5 c5 4. c3 Nc6 5. Nf3 Qb6 6. a3 c4 7. Ra2 Bd7 8. Bf4 Nge7 9. Nbd2 Na5 10. Be2 Ng6 11. Bg3 Be7 12. h4 h6 13. h5 Nf8 14. Bh4 Bxh4 15. Nxh4 Nb3 16. Nxb3 Ba4 17. Ra1 0-0-0 18. Qd2 Bxb3 19. Bg4 Nh7 20. f4 Rhf8 21. 0-0 Kb8 22. Kh2 Qc7 23. g3 Qe7 24. Rf2 Ba4 25. Raf1 Bd7 26. Bd1 Rh8 27. Bc2 Nf8 28. Kg2 a6 29. Qe2 Rg8 30. f5 Qg5 31. Rf4 exf5 32. Nxf5 f6 33. Nd6 Be8 34. Rf5 1-0

[Event "FRA-chT2 South 0607"]
[Site "France"]
[Date "2006.11.26"]
[Round "3.3"]
[White "Pasquier, Thomas"]
[Black "Andonov, Bogomil"]
[Result "0-1"]
[WhiteElo "2219"]
[BlackElo "2371"]
[PlyCount "104"]
[EventDate "2006.10.15"]
[EventType "team-tourn"]
[EventRounds "11"]
[EventCountry "FRA"]
[SourceTitle "EXT 2008"]
[Source "ChessBase"]
[SourceDate "2007.11.25"]
[SourceVersion "1"]
[SourceVersionDate "2007.11.25"]
[SourceQuality "1"]
[WhiteTeam "Toulouse"]
[BlackTeam "Grasse"]
[WhiteTeamCountry "FRA"]
[BlackTeamCountry "FRA"]

1. e4 c6 2. d4 d5 3. exd5 cxd5 4. Bd3 Nc6 5. c3 Nf6 6. Bf4 Bg4 7. Qb3 Na5 8. Qa4+ Bd7 9. Qc2 Qb6 10. Nd2 Bb5 11. Ngf3 Rc8 12. 0-0 e6 13. b4 Bxd3 14. Qxd3 Nc4 15. Nxc4 Rxc4 16. a4 Bd6 17. a5 Qc7 18. Bxd6 Qxd6 19. Ne5 Rc7 20. a6 b6 21. b5 0-0 22. Rfc1 Nd7 23. Nc6 Nb8 24. Ne5 Rfc8 25. h4 Nd7 26. Nc6 Nb8 27. Ne5 f6 28. Ng4 Nd7 29. h5 f5 30. Nh2 Nf6 31. h6 gxh6 32. Qh3 Kg7 33. Rc2 Ne4 34. Qh5 Rxc3 35. Rxc3 Rxc3 36. Nf3 Nf6 37. Qh4 Ng4 38. Re1 Qb4 39. Ne5 Rh3 40. gxh3 Qxe1+ 41. Kg2 Nxe5 42. Qe7+ Nf7 43. Qxa7 Qe4+ 44. Kg1 f4 45. Qc7 e5 46. a7 f3 47. Qc1 Qg6+ 48. Kf1 Qg2+ 49. Ke1 Qg1+ 50. Kd2 Qxf2+ 51. Kc3 Qxd4+ 52. Kb3 Qc4+ 0-1

[Event "FRA-chT2C 0506"]
[Site "France"]
[Date "2006.04.01"]
[Round "10.2"]
[White "Foisor, Cristina Adela B"]
[Black "Pasquier, Thomas"]
[Result "1/2-1/2"]
[WhiteElo "2402"]
[BlackElo "2273"]
[PlyCount "112"]
[EventDate "2005.10.27"]
[EventType "team-tourn"]
[EventRounds "11"]
[EventCountry "FRA"]
[SourceTitle "EXT 2006"]
[Source "ChessBase"]
[SourceDate "2005.11.24"]
[SourceVersion "1"]
[SourceVersionDate "2005.11.24"]
[SourceQuality "1"]
[WhiteTeam "Grenoble"]
[WhiteTeamCountry "FRA"]

1. Nf3 d5 2. g3 c6 3. Bg2 Bg4 4. 0-0 e6 5. b3 Nd7 6. Bb2 Ngf6 7. c4 Bd6 8. Na3 0-0 9. d3 Qb8 10. Nc2 Rc8 11. Ne3 Bh5 12. Qd2 a5 13. Rfc1 Bb4 14. Qd1 Bf8 15. Rc2 a4 16. bxa4 Rd8 17. cxd5 exd5 18. Rb1 Rxa4 19. Rxc6 Rxa2 20. Rc2 Ra6 21. Bd4 Rc8 22. Rcb2 b6 23. Rb5 Qd6 24. Bh3 Bxf3 25. exf3 Rc6 26. f4 Ra5 27. Qb3 Nc5 28. Bxc5 Rxb5 29. Qxb5 bxc5 30. Bg2 Rc8 31. Qb7 Rd8 32. h4 h5 33. Bh3 c4 34. dxc4 d4 35. Nf1 d3 36. Nd2 Qd4 37. Qb2 Qa7 38. Ra1 Qc7 39. Rd1 Bc5 40. Nb3 Ne4 41. Nxc5 Qxc5 42. Bg2 Nxg3 43. Bf3 Nf5 44. Qb5 Qxb5 45. cxb5 Nd4 46. Rxd3 Nxf3+ 47. Rxf3 Rd1+ 48. Kg2 Rb1 49. Re3 Rxb5 50. Re5 Rb4 51. Kg3 g6 52. Ra5 Kg7 53. Ra6 Rb3+ 54. f3 Rb5 55. Rc6 Ra5 56. Rb6 Rc5 1/2-1/2

[Event "Mont de Marsan op"]
[Site "Mont de Marsan"]
[Date "2005.12.28"]
[Round "6"]
[White "Pasquier, Thomas"]
[Black "Inkiov, Ventzislav"]
[Result "0-1"]
[WhiteElo "2273"]
[BlackElo "2482"]
[PlyCount "68"]
[EventDate "2005.12.26"]
[EventType "swiss"]
[EventRounds "7"]
[EventCountry "FRA"]
[SourceTitle "CBM 110 Extra"]
[Source "ChessBase"]
[SourceDate "2006.03.10"]
[SourceVersion "2"]
[SourceVersionDate "2006.03.10"]
[SourceQuality "1"]

1. e4 c5 2. Nf3 d6 3. d4 cxd4 4. Nxd4 Nf6 5. Nc3 Nc6 6. Bg5 e6 7. Bb5 Bd7 8. Bxc6 bxc6 9. Qf3 Qb6 10. Nb3 Be7 11. e5 dxe5 12. 0-0-0 Rd8 13. Rhe1 0-0 14. Rxe5 Bc8 15. Ree1 c5 16. Ne4 Bb7 17. Bxf6 Bxe4 18. Qxe4 Bxf6 19. Qc4 Rb8 20. c3 Rfc8 21. Re4 a5 22. Qa4 c4 23. Rxc4 Qxf2 24. Rxc8+ Rxc8 25. Qd7 Rf8 26. Qc6 Qf4+ 27. Kb1 a4 28. Nc5 a3 29. Nd7 Qf5+ 30. Ka1 Qc2 31. Nxf6+ gxf6 32. Rb1 Rb8 33. b4 Rd8 34. Qc4 Rd1 0-1

[Event "FRA-chT2C 0506"]
[Site "France"]
[Date "2005.12.04"]
[Round "4.1"]
[White "Housieaux, David"]
[Black "Pasquier, Thomas"]
[Result "1-0"]
[WhiteElo "2304"]
[BlackElo "2273"]
[PlyCount "105"]
[EventDate "2005.10.27"]
[EventType "team-tourn"]
[EventRounds "11"]
[EventCountry "FRA"]
[SourceTitle "EXT 2006"]
[Source "ChessBase"]
[SourceDate "2005.11.24"]
[SourceVersion "1"]
[SourceVersionDate "2005.11.24"]
[SourceQuality "1"]
[WhiteTeam "Echiquier Palavasien et Setois"]
[WhiteTeamCountry "FRA"]

1. d4 e6 2. c4 Nf6 3. g3 c5 4. d5 exd5 5. cxd5 Bd6 6. Bg2 Bc7 7. Nf3 d6 8. 0-0 0-0 9. Nfd2 Re8 10. h3 a6 11. a4 Nbd7 12. Nc4 Rb8 13. a5 Ne5 14. Nba3 Bxa5 15. Nxd6 Qxd6 16. f4 Ng6 17. Nc4 Qe7 18. Rxa5 b5 19. Ne5 Rb6 20. Ra3 Nxe5 21. fxe5 Nd7 22. d6 Qd8 23. Be3 Nxe5 24. Bxc5 Be6 25. b4 Nc4 26. Rc3 Rb8 27. Qd4 Qd7 28. g4 a5 29. bxa5 Nxa5 30. Bb4 Nc4 31. Rd3 Red8 32. g5 Ra8 33. Bc3 Qa7 34. Bxa8 Qxd4+ 35. Bxd4 Rxa8 36. Ra1 Rd8 37. Bc5 h6 38. gxh6 gxh6 39. Rg3+ Kh7 40. Bd4 Rg8 41. Rxg8 Kxg8 42. Kh2 b4 43. Rg1+ Kf8 44. Bc5 Ke8 45. Bxb4 Kd7 46. Rg8 Nxd6 47. Bxd6 Kxd6 48. Rh8 Ke5 49. Rxh6 Kf4 50. Kg2 Ke3 51. Rxe6+ fxe6 52. Kg3 e5 53. h4 1-0

[Event "FRA-chT2C 0506"]
[Site "France"]
[Date "2005.11.20"]
[Round "3.3"]
[White "De Labaca, Romuald"]
[Black "Pasquier, Thomas"]
[Result "1/2-1/2"]
[WhiteElo "2205"]
[BlackElo "2273"]
[PlyCount "92"]
[EventDate "2005.10.27"]
[EventType "team-tourn"]
[EventRounds "11"]
[EventCountry "FRA"]
[SourceTitle "EXT 2006"]
[Source "ChessBase"]
[SourceDate "2005.11.24"]
[SourceVersion "1"]
[SourceVersionDate "2005.11.24"]
[SourceQuality "1"]
[WhiteTeam "Cannes"]
[WhiteTeamCountry "FRA"]

1. e4 e6 2. d4 d5 3. Nc3 Nf6 4. Bg5 dxe4 5. Nxe4 Be7 6. Bxf6 gxf6 7. Nf3 f5 8. Ng3 c5 9. Qd2 Nc6 10. Bb5 cxd4 11. Nxd4 Bd7 12. Nxc6 bxc6 13. Ba4 Qb6 14. 0-0-0 0-0-0 15. Rhe1 Bf6 16. c3 h5 17. f4 h4 18. Nf1 Qa5 19. Qc2 Qc7 20. Qf2 Kb8 21. Ne3 Bc8 22. Nc4 Ba6 23. Bb3 c5 24. Rxd8+ Rxd8 25. Rd1 Rxd1+ 26. Kxd1 Bb7 27. Qd2 Bd5 28. g3 hxg3 29. hxg3 Qd8 30. Ne3 Bf3+ 31. Kc2 Qc7 32. Nc4 Bd5 33. Kc1 Qd8 34. Ne3 Be4 35. Qxd8+ Bxd8 36. Ba4 Kc7 37. Kd2 Kd6 38. Nc4+ Ke7 39. Ke3 Bc7 40. Bd1 Bd5 41. Be2 Kf6 42. a3 Ke7 43. Nd2 Bb6 44. Nc4 Bd8 45. Bd3 Bc7 46. Nd2 Bb6 1/2-1/2